Bioenergy Engineering, 11-14 October 2009, Bellevue, Washington (25 papers)

Dades bibliogràfiques
Format: Electrònic Revista
Idioma:English
Publicat: ASABE, [
Accés en línia:Full text available on ASABE
Off-campus access
LEADER 00948cas a2200181 a 4500
001 AALejournalASABE000049
008 221229c9999 xx r poo 0 0eng d
020 |a 1-892769-95-6 
040 |a BD-DhAAL  |c BD-DhAAL 
245 0 0 |h [electronic resource]  |a Bioenergy Engineering, 11-14 October 2009, Bellevue, Washington (25 papers) 
260 |b ASABE,  |c [  |- 409]October 1, 2009;@ 
300 |a 1 online resource 
500 |a <strong>Off-Campus Access:</strong> Athens ID and Password Required 
500 |a <strong>On-Campus Access:</strong> No User ID or Password Required 
506 |a Electronic access restricted to authorized BRAC University faculty, staff and students 
538 |a Mode of access: Internet 
856 4 0 |z Full text available on ASABE  |u http://elibrary.asabe.org/techpapers.asp?confid=bioe2009 
856 4 0 |z Off-campus access  |u https://go.openathens.net/redirector/bracu.ac.bd?url=http%3A%2F%2Felibrary.asabe.org%2Ftechpapers.asp%3Fconfid%3Dbioe2009